<?xml version="1.0" encoding="UTF-8"?>
<record
    xmlns:xsi="http://www.w3.org/2001/XMLSchema-instance"
    xsi:schemaLocation="http://www.loc.gov/MARC21/slim http://www.loc.gov/standards/marcxml/schema/MARC21slim.xsd"
    xmlns="http://www.loc.gov/MARC21/slim">

  <leader>00847cam a2200241 a 4500</leader>
  <controlfield tag="001">sa 65007674 </controlfield>
  <controlfield tag="003">DLC</controlfield>
  <controlfield tag="005">20260227112150.0</controlfield>
  <controlfield tag="008">890504s1965    ii a          001 0 hino </controlfield>
  <datafield tag="010" ind1=" " ind2=" ">
    <subfield code="a">sa 65007674 </subfield>
  </datafield>
  <datafield tag="035" ind1=" " ind2=" ">
    <subfield code="a">(OCoLC)19655072</subfield>
  </datafield>
  <datafield tag="040" ind1=" " ind2=" ">
    <subfield code="a">DLC</subfield>
    <subfield code="c">DLC</subfield>
  </datafield>
  <datafield tag="050" ind1="0" ind2="0">
    <subfield code="a">BL1139.29</subfield>
    <subfield code="b">.R42 1965</subfield>
  </datafield>
  <datafield tag="100" ind1="1" ind2=" ">
    <subfield code="a">R&#x101;ya, R&#x101;makum&#x101;ra.</subfield>
  </datafield>
  <datafield tag="245" ind1="1" ind2="0">
    <subfield code="a">V&#x101;lm&#x12B;kir&#x101;m&#x101;ya&#x1E47;ako&#x15B;a&#x1E25; :</subfield>
    <subfield code="b">V&#x101;lm&#x12B;kir&#x101;m&#x101;ya&#x1E47;asya s&#x101;mn&#x101;&#x1E43; vi&#x1E63;ay&#x101;&#x1E47;&#x101;&#x1E43; ca vy&#x101;khy&#x101;tmik&#x101; anukrama&#x1E47;ik&#x101; /</subfield>
    <subfield code="c">R&#x101;makum&#x101;rar&#x101;ya&#x1E25;.</subfield>
  </datafield>
  <datafield tag="246" ind1="1" ind2="5">
    <subfield code="a">V&#x101;lm&#x12B;ki-R&#x101;m&#x101;ya&#x1E47;a kosha</subfield>
  </datafield>
  <datafield tag="260" ind1=" " ind2=" ">
    <subfield code="a">V&#x101;r&#x101;&#x1E47;as&#x12B; :</subfield>
    <subfield code="b">Caukhamb&#x101; Sa&#x1E43;skr&#x325;ta S&#x12B;r&#x12B;ja &#x100;phisa,</subfield>
    <subfield code="c">1965.</subfield>
  </datafield>
  <datafield tag="300" ind1=" " ind2=" ">
    <subfield code="a">4, 3, 431 p. :</subfield>
    <subfield code="b">ill. ;</subfield>
    <subfield code="c">23 cm.</subfield>
  </datafield>
  <datafield tag="440" ind1=" " ind2="0">
    <subfield code="a">K&#x101;&#x15B;&#x12B; Sa&#x1E43;skr&#x325;ta grantham&#x101;l&#x101; ;</subfield>
    <subfield code="v">168</subfield>
  </datafield>
  <datafield tag="546" ind1=" " ind2=" ">
    <subfield code="a">In Hindi.</subfield>
  </datafield>
  <datafield tag="500" ind1=" " ind2=" ">
    <subfield code="a">Includes index.</subfield>
  </datafield>
  <datafield tag="600" ind1="0" ind2="0">
    <subfield code="a">V&#x101;lm&#x12B;ki.</subfield>
    <subfield code="t">R&#x101;m&#x101;ya&#x1E47;a</subfield>
    <subfield code="v">Concordances.</subfield>
  </datafield>
  <datafield tag="999" ind1=" " ind2=" ">
    <subfield code="c">65285</subfield>
    <subfield code="d">65285</subfield>
  </datafield>
</record>
